|
|
|
|
| LEADER |
00706nam a22002171a 4500 |
| 020 |
|
|
|a 9788173200890
|c 0.00
|
| 040 |
|
|
|a SSUS - Library - Kalady
|
| 082 |
|
|
|a 704.947
|b TRI/M
|
| 100 |
|
|
|a S D Trivedi
|
| 245 |
|
|
|a Myths and legends in Indian art
|h [Text]
|
| 250 |
|
|
|a 1st
|
| 260 |
|
|
|a New Delhi
|b New Bharatiya Book Corporation
|c 2009
|
| 300 |
|
|
|a 271p.
|
| 600 |
|
|
|a Indian Art
|
| 600 |
|
|
|a Arts
|
| 600 |
|
|
|a Art Mythology and Legend
|
| 700 |
|
|
|a Atul Jairath
|
| 852 |
|
|
|h 704.947
|i TRI/M
|p 064476
|9 2950.00
|t 0
|
| 942 |
|
|
|c BK
|
| 999 |
|
|
|c 30033
|d 30033
|
| 952 |
|
|
|0 0
|1 0
|4 0
|6 704_947000000000000_TRI_M
|7 0
|9 43209
|a SSUS
|b SSUS
|d 2015-01-08
|g 2950.00
|l 1
|o 704.947 TRI/M
|p 064476
|r 2020-03-06
|s 2020-03-02
|v 0.00
|w 2015-01-08
|y BK
|